Sanat - "Kesän lapsi" - Tapani Kansa - Statistics

Yleistilastot
  • Tätä visaa on pelattu 160 kertaa
  • Keskiarvotulos 109 / 208
Vastaustilastot
Sanat % Oikein
kesän
100%
lapsi
100%
99%
99%
oon
99%
oon.
99%
on
89%
on,
89%
on.
89%
on...
89%
villi
83%
luonteeni
81%
Aa
69%
kun
66%
poissa
62%
ja
61%
Ja
61%
huoleni
60%
tää.
60%
niin
52%
taas
52%
Taas
52%
jo
50%
ei
49%
Ei
49%
rakastua
48%
vallaton.
48%
haluaisin
46%
ihan
46%
nyt
46%
Nyt
46%
kaikkiin.
44%
ole
42%
Kesämieli
41%
saan,
36%
saan
36%
vyöt,
36%
vertaa.
35%
juoksen
34%
kiristele
34%
kohti
34%
maistuu
34%
merta.
34%
elämältä
33%
niille
32%
herään
30%
kuulen.
30%
unestani
30%
en
29%
kesäyöt
29%
äänet
28%
nämä
28%
hyvän
27%
meren
27%
olon
27%
kesätuuleen,
24%
monta
23%
sun
23%
Sydän
23%
monen
21%
päivää.
21%
sykkimään,
21%
sykkimään!
21%
mieli
20%
tunne
20%
kesäloma
19%
mun
18%
häivää.
17%
nään,
17%
etsimään!
16%
odotellut
16%
sulle
16%
surun
16%
ystävää
16%
antaa.
13%
rantaan,
13%
Saapuvan
13%
suukko
12%
tekee
10%
jostakin
7%
sinut
7%
vierelleni
7%
Ehtoja vastaavia visoja ei löytynyt
Tulosjakauma
Jokaisen tuloksen saaneiden osuus
Persentiili vastausten määrän mukaan
Tuloshistoriasi
Et ole pelannut tätä visaa